Creatividad, S.A.: cómo llevar la inspiración hasta el infinito y más allá.
Kaydedildi:
| Yazar: | |
|---|---|
| Materyal Türü: | Kitap |
| Baskı/Yayın Bilgisi: |
Barcelona, España:
Conecta ; Penguin Random House,
2014.
|
| Edisyon: | Primera edición. |
| Konular: | |
| Etiketler: |
Etiketle
Etiket eklenmemiş, İlk siz ekleyin!
|
MARC
| LEADER | 00000nam a22000007a 4500 | ||
|---|---|---|---|
| 003 | CL-VaPUC | ||
| 005 | 20250407202450.0 | ||
| 008 | 250317t2014 ||||| |||| 00| 0 spa d | ||
| 999 | |c 447393 |d 447391 | ||
| 020 | |a 978-958-8821-16-0 | ||
| 020 | |a 978-8493914523 | ||
| 040 | |c Pontificia Universidad Católica de Valparaíso | ||
| 082 | 0 | 4 | |a 658.40714 CAT 2014 |2 22 |
| 100 | 0 | |a Catmull, Ed |e autor |9 579802 | |
| 245 | 1 | 0 | |a Creatividad, S.A.: |b cómo llevar la inspiración hasta el infinito y más allá. |
| 250 | |a Primera edición. | ||
| 260 | |a Barcelona, España: |b Conecta ; |b Penguin Random House, |c 2014. | ||
| 300 | |a 363 páginas. | ||
| 500 | |a c.1.-c.2. Instituto Arcos 8-1-2025. | ||
| 583 | |a last modification |c 20150529 15:00:00 |k GC | ||
| 630 | |a Pixar |9 896953 | ||
| 650 | |a Innovación |9 858837 | ||
| 650 | |a Cultura corporativa |9 896954 | ||
| 942 | |c BK |2 ddc |n 0 | ||
| 952 | |0 0 |1 0 |2 ddc |4 0 |6 658_407140000000000_CAT_2014 |7 0 |8 A |9 601376 |a BIBINC |b BIBINC |d 2025-03-17 |e Instituto Arcosm |i 5666284 |o 658.40714 CAT 2014 |p 5666284 |r 2025-03-17 |t 1 |w 2025-03-17 |y BK |k IFP | ||
| 952 | |0 0 |1 0 |2 ddc |4 0 |6 658_407140000000000_CAT_2014 |7 0 |8 A |9 601377 |a BIBINC |b BIBINC |d 2025-03-17 |e Instituto Arcosm |i 5666285 |o 658.40714 CAT 2014 |p 5666285 |r 2025-03-17 |t 2 |w 2025-03-17 |y BK |k IFP | ||